000 04441naa a2200493 4500
005 20080825123941.0
008 080825t xxu||||| |||| 00| 0 eng d
010 _aB-276888-907
020 _a813171666X
_c300.00
035 _aB-276888-907
037 _bUBH
040 _aDPL
_bENG
082 _a378.013
100 _aJain, Mohit
245 _aBreak the MBA admissions barrier :
_cby Mohit Kumar Jain [and ] M. Harindran
_bmaking it to the world's best business schools /
260 _aDelhi
_bPearson Education
_c2008
300 _axiv, 352 p.
_c24 cm. (pbk)
650 _aMBA admissions
700 _aHarindran, M.
942 _adpl
_cEN
_2ddc
_h378.013
_mJAI
999 _c15040
_d15040